000 00672nam a22002297a 4500
003 UA-OsUOA
001 83733
007 ta
008 20120426b un ||||| |||| 00| 0 ukr d
090 _a011:94(477)
_bР41
942 _cBK
040 _aUA-OsUOA
_bukr
_cUA-OsUOA
_dUA-OsUOA
245 _aРепертуар української книги 1798 - 1916
_bматеріали до бібліографії
_n7
300 _a362 с.
955 _a2
041 _aukr
080 _a011:94(477)
020 _a966-02-2783-3
260 _aЛьвів
_c2004
650 7 _a01 Бібліографія і бібліографії. Каталоги
_2UDC
999 _c370040
_d370040